Movies Quiz

Random Movies Quiz

Movies by Scene Quiz Stats

 Plays Quiz Updated Sep 18, 2013

Support Sporcle.
Go Orange.
Score 0/20 Timer 06:00
85 Plays Today
% Correct
The Lion King
99.3%
Mrs. Doubtfire
91.9%
The Hangover
86.8%
Knocked Up
83.6%
Ghost
80.6%
Walk the Line
73.8%
The Birds
71.5%
The Goonies
68.8%
Caddyshack
67.8%
Gone With the Wind
62.8%
% Correct
Clueless
62.8%
Coming to America
60.6%
Thelma and Louise
57.8%
Hotel Rwanda
50.8%
Young Frankenstein
46.4%
Ben-Hur
40.6%
Snatch
35.9%
Children of Men
34.8%
Big Trouble in Little China
27.8%
Falling Down
19.5%

You're not logged in!

Compare scores with friends on all Sporcle quizzes.
OR
Log In

From the Vault

Madden NFL Cover Athletes in Order

by SporcleEXP

Sorry, but you can't "Ask Madden" for help here.
Remove Ads.
Support Sporcle.
Get the best of Sporcle when you Go Orange. This ad-free experience offers more features, more stats, and more fun while also helping to support Sporcle. Thank you for becoming a member.

Show Comments

Extras

Top Quizzes Today


Score Distribution

Your Account Isn't Verified!

In order to create a playlist on Sporcle, you need to verify the email address you used during registration. Go to your Sporcle Settings to finish the process.

Report this User

Report this user for behavior that violates our Community Guidelines.

Details: